| 000 | 01241naa a22003377a 4500 | ||
|---|---|---|---|
| 001 | BR8205304 | ||
| 003 | BR-BrBNA | ||
| 005 | 20240918175153.0 | ||
| 007 | ta | ||
| 008 | 230509b bl.||||| |||| 00| 0 por d | ||
| 040 |
_aBR-BrBNA _bpor _cBiblioteca Nacional de Agricultura |
||
| 041 | _a(Pt) | ||
| 072 |
_aH60 _b0120 _b3876 |
||
| 090 | _aH60 BR8205304 | ||
| 100 | 1 | _aRuedell, J. | |
| 100 | 1 | _aSilva, M.T.B. da | |
| 100 | 1 | _aCampos, A.E. de | |
| 111 | 1 |
_a27. Reuniao Tecnica Anual do Milho _cPorto Alegre, RS (Brazil) _d17-19 Aug 1982 |
|
| 245 | 1 | _aSeletividade de 2,4-D para hibridos de milho (Zea mays L.)[herbicida, controle quimico] | |
| 260 | 3 |
_aCruz Alta, RS (Brasil): _c1982. |
|
| 500 | _aContribuicao do Centro de Experimentacao e Pesquisa a 27. Reuniao Tecnica Anual do Milho Cruz Alta, RS (Brasil): 1982. p. 37-41 (BR8205304-AM)H60 | ||
| 650 | _aMILHO | ||
| 650 | _aHIBRIDO | ||
| 650 | _aERVA DANINHA | ||
| 650 | _aHERBICIDA | ||
| 650 | _aCONTROLE QUIMICO | ||
| 650 | _aFITOTOXICIDADE | ||
| 773 | 0 |
_tContribuicao do Centro de Experimentacao e Pesquisa a 27. Reuniao Tecnica Anual do Milho _wH60 BR8205304 _gCruz Alta, RS (Brasil), 1982. p. 37-41 |
|
| 909 |
_a202404 _bLucia _c55 _dLucia Elande |
||
| 942 |
_cAM _2AGRIS |
||
| 999 |
_c315382 _d315382 |
||